[Event "8th Teplice Open 2013"]
[Site "Teplice CZE"]
[Date "2013.06.16"]
[Round "2.43"]
[White "Rasmussen,He2"]
[Black "Marek,Mat"]
[Result "0-1"]
[WhiteElo "1812"]
[BlackElo "2026"]

1.e4 c5 2.c3 Nf6 3.e5 Nd5 4.d4 cxd4 5.cxd4 e6 6.Nf3 d6 7.Bb5+ Bd7 8.Bxd7+ Nxd7
9.O-O dxe5 10.Nxe5 Be7 11.Nxd7 Qxd7 12.Nc3 Bb4 13.Qd3 Rd8 14.Be3 O-O 15.Rac1 Nf6
16.Nb5 Nd5 17.Nxa7 f5 18.Nb5 f4 19.Bd2 f3 20.g3 e5 21.Kh1 e4 22.Qc3  0-1

[Event "8th Teplice Open 2013"]
[Site "Teplice CZE"]
[Date "2013.06.16"]
[Round "2.61"]
[White "Saffova,Michaela"]
[Black "Eiriksson,S"]
[Result "1/2-1/2"]
[WhiteElo "1717"]
[BlackElo "1946"]

1.e4 c5 2.c3 Nf6 3.e5 Nd5 4.d4 cxd4 5.Nf3 e6 6.cxd4 d6 7.Nc3 Nc6 8.Bb5 Be7
9.Qb3 O-O 10.Bxc6 bxc6 11.exd6 Qxd6 12.O-O Ba6 13.Re1 Rab8 14.Qd1 Nf6 15.g3 Qb4
16.a3 Qa5 17.Ne5 Bb7 18.Bf4 Rbd8 19.b4 Qa6 20.Na4 Rd5 21.Nc3 Rdd8 22.Na4 Ba8
23.Rc1 Nd7 24.Qb3 Nxe5 25.Bxe5 Kh8 26.Nc5 Bxc5 27.dxc5 Rd5 28.Qb2 f6 29.Bd6 Re8
30.Rcd1 Qb7 31.a4 a6 32.Rc1 e5 33.Rc4 Qf7 34.Rce4 Qh5 35.Qb3 Rd8 36.Rh4 Qf5
37.Qb1  1/2-1/2

[Event "2nd Grand Europe Open 2013"]
[Site "Golden Sands BUL"]
[Date "2013.06.17"]
[Round "8.28"]
[White "Galinsky,T"]
[Black "Pettersson,Anders1"]
[Result "1/2-1/2"]
[WhiteElo "2439"]
[BlackElo "2279"]

1.e4 c5 2.c3 Nf6 3.e5 Nd5 4.d4 cxd4 5.Qxd4 Nc7 6.Nf3 Nc6 7.Qe4 g6 8.h4 d5
9.exd6 Qxd6 10.Bf4 Qe6 11.Bd3 Nd5 12.Bd2 Bg7 13.Na3 Qxe4+ 14.Bxe4 Nf6 15.Bc2 Bg4
16.Nb5 Bxf3 17.gxf3 O-O 18.Be3 Rfd8 19.Rd1 Rxd1+ 20.Kxd1 Nd5 21.h5 a6 22.Na3 b5
23.hxg6 hxg6 24.Bh6 b4 25.Bxg7 Kxg7 26.Nb1 Rd8 27.Ke2 bxc3 28.bxc3 Rb8 29.Bb3 Nf4+
30.Ke3 Ng2+ 31.Ke2 Rb5 32.Nd2 Re5+ 33.Kd1 Rh5 34.Rg1 Nf4 35.Ne4 Ne5 36.Ng3 Rh2
37.Ne4 Nxf3 38.Rg3 Rh1+ 39.Kc2 Ne5 40.Kd2 f5 41.Nc5  1/2-1/2

[Event "8th Teplice Open 2013"]
[Site "Teplice CZE"]
[Date "2013.06.18"]
[Round "4.43"]
[White "Pedersen,HB"]
[Black "Holy,Filip"]
[Result "1-0"]
[WhiteElo "2111"]
[BlackElo "1625"]

1.e4 c5 2.c3 Nf6 3.e5 Nd5 4.Nf3 Nc6 5.Bc4 e6 6.O-O d6 7.d4 cxd4 8.cxd4 Be7
9.Qe2 O-O 10.Nc3 Nxc3 11.bxc3 Bd7 12.Bd3 f5 13.exd6 Bxd6 14.Bc4 Qf6 15.Re1 Rfe8
16.Ne5 Bxe5 17.dxe5 Qg6 18.h4 Na5 19.h5 Qf7 20.Bb5 Bxb5 21.Qxb5 Qc7 22.h6 Red8
23.hxg7 Rd5 24.Qe2 Qxc3 25.Bg5 Qc4 26.Qh5 Qg4 27.Qh6 Re8 28.Re3 f4 29.Re4 Rd1+
30.Rxd1 Qxd1+ 31.Kh2 Qd5 32.f3 Qd7 33.Bf6 Qf7 34.Rxf4 Qg6 35.Qxg6 hxg6 36.Rh4 Kf7
37.Rd4 Kg8 38.Kg3 Nc6 39.Rd7 Rb8 40.Kg4 Kh7 41.Kg5 Na5 42.Rd1  1-0

[Event "13th IPCA World Championship"]
[Site "Velke Losiny CZE"]
[Date "2013.06.19"]
[Round "3.8"]
[White "Travnicek,Jaroslav"]
[Black "Jaworski,Mi"]
[Result "0-1"]
[WhiteElo "1849"]
[BlackElo "2293"]

1.e4 c5 2.c3 Nf6 3.e5 Nd5 4.d4 cxd4 5.Nf3 Nc6 6.cxd4 d6 7.exd6 Qxd6 8.Nc3 g6
9.Be2 Bg7 10.O-O O-O 11.h3 Be6 12.Bc4 Nxc3 13.bxc3 Bxc4 14.Re1 Bd5 15.a4 Rfe8
16.Ba3 Qd7 17.Rb1 b6  0-1

[Event "7th Varna Open 2013"]
[Site "Varna BUL"]
[Date "2013.06.20"]
[Round "2.15"]
[White "Janev,E"]
[Black "Ilic,SloS2"]
[Result "1-0"]
[WhiteElo "2444"]
[BlackElo "2135"]

1.e4 c5 2.c3 Nf6 3.e5 Nd5 4.Nf3 e6 5.d4 cxd4 6.cxd4 d6 7.a3 Bd7 8.Bd3 Bc6
9.O-O Nd7 10.Re1 dxe5 11.dxe5 Qc7 12.b4 a6 13.Bb2 Nf4 14.Be4 Rc8 15.Nbd2 Nb6
16.g3 Ba4 17.Qb1 Nfd5 18.Rc1 Qd7 19.Rxc8+ Qxc8 20.Bxh7 Nc4 21.Be4 Nxd2 22.Nxd2 Be7
23.Qd3 Qd7 24.Nc4 Bb5 25.Rc1 O-O 26.Qf3 g6 27.Na5 Bg5 28.Rd1 Ba4 29.Ra1 Be7
30.Nb3 Rc8 31.Nd4 Rc7 32.h4 Bf8 33.h5 Bc6 34.Nxc6 bxc6 35.hxg6 fxg6 36.Bxg6 Qg7
37.Qg4  1-0

[Event "8th Teplice Open 2013"]
[Site "Teplice CZE"]
[Date "2013.06.21"]
[Round "7.7"]
[White "Kislinsky,A"]
[Black "Stachowiak,K"]
[Result "1/2-1/2"]
[WhiteElo "2565"]
[BlackElo "2474"]

1.e4 c5 2.c3 Nf6 3.e5 Nd5 4.Bc4 e6 5.d4 cxd4 6.cxd4 Nc6 7.Nf3 d6 8.Qe2 Be7
9.O-O O-O 10.Re1 Bd7 11.Nc3 Nxc3 12.bxc3 dxe5 13.dxe5 Qa5 14.Rb1 Rab8 15.Bd3 Rfd8
16.Bg5 Be8 17.Qe4 g6 18.Bc4 Qa4 19.Qh4 b5 20.Bxe7 Nxe7 21.Qxe7 Qxc4 22.h4 Bc6
23.Nh2 Rd2 24.Qg5 Rbd8 25.Ng4 h5 26.Rb4 Qxa2 27.Nf6+ Kf8 28.Rf4 Rd1 29.Qh6+ Ke7
30.Ng8+ Ke8 31.Nf6+ Ke7 32.Ng8+ Ke8 33.Qg7 Rxe1+ 34.Kh2 Rd7 35.Nf6+ Kd8 36.Nxd7 Qd5
37.Qf8+ Kc7 38.Qb8+  1/2-1/2

[Event "7th Varna Open 2013"]
[Site "Varna BUL"]
[Date "2013.06.22"]
[Round "4.1"]
[White "Janev,E"]
[Black "Shyam,SM"]
[Result "0-1"]
[WhiteElo "2444"]
[BlackElo "2502"]

1.e4 c5 2.c3 Nf6 3.e5 Nd5 4.Nf3 e6 5.d4 cxd4 6.cxd4 d6 7.a3 Bd7 8.Bd3 Bc6
9.O-O Nd7 10.b4 a6 11.Re1 Rc8 12.Ng5 Be7 13.Qh5 g6 14.Qh6 Bf8 15.Qh3 dxe5
16.dxe5 Bg7 17.Qg3 Bb5 18.Bxb5 axb5 19.Nd2 Ne7 20.Ndf3 Nf5 21.Qf4 Rc4 22.Ne4 O-O
23.Bb2 Rc2 24.Rab1 Qc7 25.h4 f6 26.Qh2 fxe5 27.Rbc1 Qc6 28.h5 gxh5 29.Qxh5 Rxc1
30.Bxc1 Nf6 31.Nxf6+ Bxf6 32.Bb2 Ng7 33.Qh6 Nf5 34.Qh3 e4 35.Rc1 Qd7 36.Bxf6 exf3
37.Qg4+ Kf7 38.Be5 Rc8 39.Qh5+ Kf8 40.Rxc8+ Qxc8 41.Qg5 fxg2 42.Qf6+ Ke8
43.Qh8+ Kd7 44.Qxh7+ Kc6 45.Qh3 Kd5 46.Bc3 Qc4 47.Qxg2+ Qe4 48.Qg8 Kc4 49.Bf6 Kb3
50.Qd8 Qg4+ 51.Kh2 Qf4+ 52.Kg1 Qc1+ 53.Kh2 Kxa3 54.Qa5+ Kb3 55.Qd8 Qf4+ 56.Kg1 Kxb4
57.Qd7 Qg4+ 58.Kf1 Qc4+ 59.Kg1 Qc1+ 60.Kg2 Qc6+ 61.Qxc6 bxc6  0-1

[Event "HSG Open A 2013"]
[Site "Hilversum NED"]
[Date "2013.06.23"]
[Round "5.6"]
[White "Afek,Y"]
[Black "Van Osch,Mees"]
[Result "1/2-1/2"]
[WhiteElo "2318"]
[BlackElo "2180"]

1.e4 c5 2.c3 Nf6 3.e5 Nd5 4.Nf3 Nc6 5.Bc4 Nb6 6.Bb3 c4 7.Bc2 Qc7 8.Qe2 g5
9.Nxg5 Qxe5 10.Nf3 Qxe2+ 11.Kxe2 d5 12.h3 e5 13.Re1 e4 14.Kf1 Be6 15.Ng1 Ne5
16.b3 Nd3 17.Bxd3 cxd3 18.Ba3 Bg7 19.Bc5 Nd7 20.Be3 a6 21.a4 O-O 22.Na3 f5
23.g3 Rac8 24.h4 Nc5 25.Bxc5 Rxc5 26.Nh3 Bh6 27.Nf4 Bxf4 28.gxf4 Kf7 29.f3 Rg8
30.Kf2 exf3 31.Kxf3 Rg4 32.h5 Rc8 33.Rg1 d4 34.cxd4 Rh4 35.Kg3 Rg4+ 36.Kf3 Rh4  1/2-1/2

[Event "8th Teplice Open 2013"]
[Site "Teplice CZE"]
[Date "2013.06.23"]
[Round "9.16"]
[White "Mamedjarova,T"]
[Black "Bures,J"]
[Result "1-0"]
[WhiteElo "2249"]
[BlackElo "2399"]

1.e4 c5 2.c3 Nf6 3.e5 Nd5 4.Nf3 e6 5.d4 cxd4 6.Qxd4 Nc6 7.Qe4 f5 8.Qe2 Qc7
9.g3 b6 10.Bg2 Ncb4 11.Qd1 Ba6 12.Bf1 Bxf1 13.Kxf1 Nc6 14.Qe2 g6 15.Kg2 Bg7
16.Re1 h6 17.c4 Nde7 18.h4 Qb7 19.Kg1 g5 20.h5 g4 21.Nh4 Nxe5 22.Nc3 Bf6
23.Nb5 Kf8 24.Bf4 Nf7 25.Rad1 Bxh4 26.gxh4 Rc8 27.b3 a6 28.Nd6 Nxd6 29.Rxd6 Ng8
30.Qe3 b5 31.Rb6 Qa8 32.Qe5 Rh7 33.Qd6+ Ke8 34.Rxa6 Qb7 35.Rb6 Qa8 36.Rxb5 Rf7
37.a4 Nf6 38.a5 Nxh5 39.Rb8 Nxf4 40.Rxa8 Nh3+  1-0

[Event "Geneva Open A 2013"]
[Site "Geneva SUI"]
[Date "2013.06.25"]
[Round "2.1"]
[White "Mamedjarova,T"]
[Black "Bauer,Ch"]
[Result "1/2-1/2"]
[WhiteElo "2249"]
[BlackElo "2637"]

1.e4 c5 2.c3 Nf6 3.e5 Nd5 4.d4 cxd4 5.Nf3 e6 6.Qxd4 Nc6 7.Qe4 f5 8.exf6 Nxf6
9.Qh4 e5 10.Bg5 Be7 11.Bd3 d5 12.Bg6+ Kf8 13.Bc2 Kg8 14.O-O h6 15.Bxf6 Bxf6
16.Qa4 Be6 17.Rd1 Qe7 18.Qa3 Kf7 19.Qxe7+ Kxe7 20.Nbd2 Rhd8 21.Nb3 b6 22.Bd3 a6
23.Be2 g5 24.h3 h5 25.Nh2 Rh8 26.Rac1 a5 27.c4 d4 28.Bf3 Rac8 29.a3 a4 30.Nd2 Na5
31.Be2 Bf5 32.g4 hxg4 33.hxg4 Bg6 34.Nhf1 e4 35.Ng3 e3 36.fxe3 dxe3 37.Nde4 Nb3
38.Nxf6 Kxf6 39.Rd6+ Ke5 40.Rcd1 Bf7 41.R6d3 Bxc4 42.Rxe3+ Kf4 43.Rf3+ Ke5
44.Re3+ Kf4 45.Rf3+ Ke5 46.Nh5 Ke4 47.Ng3+ Ke5 48.Rf5+ Ke6 49.Bf3 Rc5 50.Re1+ Kd7
51.Ne4 Rxf5 52.gxf5 Kc7 53.f6 Rf8 54.Bg4 Bd5 55.Nc3 Bc6 56.Re7+ Kd8 57.Re6 Kc7
58.Re7+ Kd8 59.Re6 Kc7 60.Re7+  1/2-1/2

[Event "8th Vladimir Dvorkovich Cup"]
[Site "Moscow RUS"]
[Date "2013.06.25"]
[Round "1.9"]
[White "Bortnik,A"]
[Black "Gajek,R"]
[Result "1/2-1/2"]
[WhiteElo "2414"]
[BlackElo "2296"]

1.e4 c5 2.c3 Nf6 3.e5 Nd5 4.d4 cxd4 5.Nf3 e6 6.cxd4 d6 7.Bc4 Nc6 8.O-O Nb6
9.Bb3 dxe5 10.dxe5 Qxd1 11.Rxd1 Be7 12.Nc3 O-O 13.Nb5 Na5 14.Nc7 Rb8 15.Be3 Rd8
16.Nb5 Nxb3 17.Bxb6 axb6 18.Rxd8+ Bxd8 19.Rd1 Bd7 20.Rxd7 Nc5 21.Rd1 Be7
22.b4 Na4 23.a3 Kf8 24.Kf1 Rd8 25.Rxd8+ Bxd8 26.Ke2 f6 27.Kd2 Nb2 28.Kc2 Nc4
29.Kc3 Nxe5 30.Nxe5 fxe5 31.Nd6 Bh4 32.Ne4 Ke8 33.Kc4 Kd7 34.Kb5 Kc7 35.g3 Bd8
36.f3 h5 37.h4 Kd7 38.a4 Kc7 39.Kc4 Kc6 40.b5+ Kc7 41.Kd3 Be7 42.Ke2 Kd7
43.Kf2 Ke8 44.Kg2 Kf7 45.Kh3 g6 46.g4 Kg7 47.Nd2 Kf6 48.Nc4 hxg4+ 49.Kxg4 Bc5
50.Nd2 Be3 51.Ne4+ Ke7 52.Kg3 Bd4 53.Kg2 Kd7 54.Kf1 Be3 55.Ke2 Bd4 56.Kd3 Ke7
57.Kd2 Kd7 58.Ke2 Ke7 59.Kd3 Bg1 60.Ke2 Bd4 61.Kf1 Be3 62.Kg2 Bc1 63.Kf2 Bh6
64.Ke2 Bf4 65.Kd3 Bh2 66.Ke2 Bg1 67.Kf1 Be3 68.Kg2 Bd4 69.Kg3 Be3 70.Kg4 Bc1
71.h5 gxh5+ 72.Kxh5 Be3 73.Kg4 Bd4 74.Kg3 Be3 75.Kg2 Kd7 76.Kf1 Ke7 77.Ke2 Bd4
78.Kd3 Bg1 79.Nd2 Kd6 80.Kc4 Be3 81.Ne4+ Ke7 82.Ng3 Kf6 83.Kd3 Bg1 84.Ne2 Bc5
85.Ke4 Bb4 86.Nc1 Bd6 87.Nd3 Bc7 88.Nb2 Ke7 89.Nc4 Kd7 90.Kd3 Ke7 91.Ke3 Kf7
92.Nd2 Kf6 93.Ne4+ Kf5 94.Ke2 Kg6 95.Kf2 Kf5 96.Kg3 Bd8 97.Nd6+ Kf6 98.Kg4 Be7
99.Nxb7 e4 100.fxe4 Ke5 101.Kf3 Kd4 102.Kf4 Bf6 103.Kf3 Be7 104.a5 bxa5 105.Nxa5 Kc5
106.Nb3+ Kxb5 107.Nd4+ Kc5 108.Nxe6+ Kd6 109.Nf4 Bf6 110.Nd5 Ba1 111.Kf4 Ke6
112.Nc7+ Kf6  1/2-1/2

[Event "III Marcel Duchamp Boca Jun Op"]
[Site "Buenos Aires ARG"]
[Date "2013.06.27"]
[Round "7.34"]
[White "Zeta,R"]
[Black "Strgacich,Aylen"]
[Result "0-1"]
[WhiteElo "1986"]
[BlackElo "1740"]

1.e4 c5 2.c3 Nf6 3.e5 Nd5 4.d4 cxd4 5.Nf3 Nc6 6.cxd4 g6 7.Nc3 Nxc3 8.bxc3 Bg7
9.Bd3 d6 10.exd6 Qxd6 11.O-O O-O 12.Re1 b6 13.Qe2 e6 14.Ng5 Rd8 15.Ne4 Nxd4
16.Nxd6 Nxe2+ 17.Bxe2 Rxd6 18.Bf3 Bxc3 19.Bf4 e5 20.Bxe5 Bxe5 21.Rxe5 Rb8
22.Re8+ Kg7 23.Rc1 Re6 24.Rd8 Re5 25.h3 Rc5 26.Re1 Rc7 27.Ree8 h5 28.Be2 b5
29.g4 Rc1+ 30.Kg2 Bb7+ 31.Bf3 Bxf3+ 32.Kxf3 hxg4+ 33.hxg4 Rxd8 34.Rxd8 Rc2
35.a4 bxa4 36.Rd4 Ra2 37.Ke3 Ra1 38.f4 a3 39.Rd2 a2 40.Kd3 Kf6 41.Kd4 Rf1
42.Rxa2 Rxf4+ 43.Ke3 Rxg4 44.Kf3 Kg5 45.Rxa7 f5 46.Rh7 Rh4 47.Ra7 Rg4 48.Rc7 Ra4
49.Rc6 Ra3+ 50.Kf2  0-1

[Event "8th Vladimir Dvorkovich Cup"]
[Site "Moscow RUS"]
[Date "2013.06.27"]
[Round "3.5"]
[White "Bortnik,A"]
[Black "Sibashvili,G"]
[Result "1-0"]
[WhiteElo "2414"]
[BlackElo "2186"]

1.e4 c5 2.c3 Nf6 3.e5 Nd5 4.d4 cxd4 5.Nf3 Nc6 6.cxd4 d6 7.Bc4 Nb6 8.Bb5 Bd7
9.Nc3 e6 10.O-O Nb4 11.Ng5 Bxb5 12.Nxb5 Qd7 13.Qh5 g6 14.Qf3 h6 15.Qf6 hxg5
16.Nxd6+ Bxd6 17.Qxh8+ Bf8 18.Bxg5 N6d5 19.Rfd1 Nc6 20.Rac1 Nde7 21.Bh6 O-O-O
22.Bxf8 Kb8 23.d5 exd5 24.e6 Qe8 25.Rxc6 bxc6 26.Qe5+ Ka8 27.Bxe7 Qxe7 28.Re1 f6
29.Qc3 Rd6 30.Qb4  1-0

[Event "8th Vladimir Dvorkovich Cup"]
[Site "Moscow RUS"]
[Date "2013.06.28"]
[Round "4.3"]
[White "Polyantsev,Radzh"]
[Black "Snihur,P"]
[Result "1-0"]
[WhiteElo "2046"]
[BlackElo "2157"]

1.e4 c5 2.c3 Nf6 3.e5 Nd5 4.d4 cxd4 5.Nf3 Nc6 6.Bc4 Nb6 7.Bb3 e6 8.O-O d6
9.cxd4 Be7 10.Nc3 O-O 11.Qe2 dxe5 12.dxe5 a6 13.Qe4 Bd7 14.Bc2 g6 15.Bh6 Re8
16.Qf4 Qc7 17.Rad1 Nb4 18.Ng5 f5 19.Bb3 Bxg5 20.Bxg5 N4d5 21.Bxd5 Nxd5 22.Nxd5 exd5
23.Rxd5 Be6 24.Rd6 Rac8 25.Bf6 Bxa2 26.h4 Qf7 27.Rfd1 Be6 28.h5 Rc4 29.Qh6 Rc7
30.R1d3 Qf8 31.Qg5 Qf7 32.Rg3 Rc4 33.f4 Qf8 34.hxg6 h6 35.Rh3 Re7 36.Rxh6 Rg7
37.Bxg7 Kxg7 38.Rxe6  1-0

[Event "3rd Big Slick IM"]
[Site "Purley ENG"]
[Date "2013.06.28"]
[Round "7"]
[White "Lyell,M"]
[Black "McClement,A"]
[Result "1-0"]
[WhiteElo "2238"]
[BlackElo "2169"]

1.e4 c5 2.c3 Nf6 3.e5 Nd5 4.Bc4 Nb6 5.Bb3 c4 6.Bc2 Nc6 7.Nf3 g6 8.O-O Bg7
9.Re1 d6 10.exd6 Qxd6 11.b3 O-O 12.Na3 Be6 13.Ng5 Bd5 14.bxc4 Nxc4 15.Nxc4 Bxc4
16.Qg4 Ne5 17.Qh4 h6 18.Ne4 Qc7 19.d4 Bd3 20.Bxd3 Nxd3 21.Bxh6 Nxe1 22.Rxe1 Rfd8
23.g4 Qc8 24.h3 Qc7 25.Re3 b6 26.Rf3 f6 27.Bxg7 Kxg7 28.g5 Qc6 29.Qh6+ Kf7
30.gxf6 Qxe4 31.Qg7+ Ke6 32.Re3 Qxe3 33.Qxe7+ Kf5 34.fxe3 Re8 35.Qd6 g5 36.f7 Rf8
37.d5 Ke4 38.Qe6+ Kd3 39.e4 Rac8 40.e5 Rxc3 41.Qf5+ Ke2 42.e6 Rg3+ 43.Kh2 Rf3
44.Qe4+ Kf2 45.Qc2+ Ke3 46.Qb3+ Ke2 47.Qb2+ Kd1 48.e7 R3xf7 49.exf8=Q Rxf8
50.Qd4+ Ke2 51.d6 Rf2+ 52.Qxf2+  1-0

[Event "III Marcel Duchamp Boca Jun Op"]
[Site "Buenos Aires ARG"]
[Date "2013.06.29"]
[Round "9.28"]
[White "Lopez Rebert,P"]
[Black "Besso,Guadalupe"]
[Result "0-1"]
[WhiteElo "2029"]
[BlackElo "1861"]

1.e4 c5 2.c3 Nf6 3.e5 Nd5 4.d4 cxd4 5.Nf3 Nc6 6.Bg5 dxc3 7.bxc3 Qa5 8.Be2 e6
9.Qd3 Qb6 10.O-O Qb2 11.Nbd2 h6 12.Be3 Nxc3 13.Rae1 Nxe5 14.Nxe5 Nxe2+ 15.Rxe2 Qxe5
16.Bxa7 Qc7 17.Bd4 b6 18.Re3 Ba6 19.Qe4 d5 20.Qxd5 Rd8 21.Qe4 Bxf1 22.Kxf1 Bc5
23.Rc3 Qd7 24.Bxc5 bxc5 25.Nf3 Qb5+ 26.Ke1 O-O 27.Qc2 Rd5 28.Qb3 Qxb3 29.axb3 Ra8
30.Ke2 Ra2+ 31.Ke3 Rb2 32.g3 g5 33.h3 f5 34.Ng1 Kf7 35.f4 Rg2 36.Nf3 Kf6
37.fxg5+ hxg5 38.Rc4 Rxg3 39.Kf2 Rxh3 40.Kg2 g4 41.Ne1 Rd2+ 42.Kg1 Rxb3 43.Rxc5 Rb1
44.Kf1  0-1

[Event "22nd Anderssen Mem Eliminacje"]
[Site "Wroclaw POL"]
[Date "2013.06.29"]
[Round "2"]
[White "Klykow,L"]
[Black "Jaracz,P"]
[Result "0-1"]
[WhiteElo "2219"]
[BlackElo "2531"]

1.e4 c5 2.c3 Nf6 3.e5 Nd5 4.d4 cxd4 5.cxd4 d6 6.Nf3 e6 7.Nc3 Nxc3 8.bxc3 Qc7
9.Bd2 Bd7 10.Bd3 Bc6 11.O-O Nd7 12.Re1 dxe5 13.Nxe5 Nxe5 14.Bf4 f6 15.dxe5 O-O-O
16.Qe2 Bc5 17.Bc4 Rhe8 18.Rad1 Rxd1 19.Rxd1 g5 20.Be3 Qxe5 21.Bxc5 Qxc5 22.Bxe6+ Kc7
23.Qc4 Qe5 24.Bd5 Qxd5  0-1

[Event "22nd Anderssen Mem Eliminacje"]
[Site "Wroclaw POL"]
[Date "2013.06.29"]
[Round "7"]
[White "Michalski,Filip"]
[Black "Ulanowski,K"]
[Result "0-1"]
[WhiteElo "1654"]
[BlackElo "2083"]

1.e4 c5 2.c3 Nf6 3.e5 Nd5 4.d4 cxd4 5.cxd4 d6 6.exd6 Qxd6 7.Nc3 Nc6 8.Nf3 Bg4
9.Be2 g6 10.O-O Bg7 11.Be3 O-O 12.Qb3 Rac8 13.Rfd1 Na5 14.Rac1 Nb6 15.Qb5 Nac4
16.Ne4 Qc6 17.Qxc6 Rxc6 18.b3 Nxe3 19.fxe3 Rxc1 20.Rxc1 Nd5 21.Kf2 Bh6 22.Nfg5 Bf5
23.Rc5 e6 24.Kf3 b6  0-1

[Event "22nd Anderssen Mem Eliminacje"]
[Site "Wroclaw POL"]
[Date "2013.06.29"]
[Round "7"]
[White "Dmochowska,A"]
[Black "Szyler,Bartosz"]
[Result "1/2-1/2"]
[WhiteElo "1819"]
[BlackElo "1755"]

1.e4 c5 2.c3 Nf6 3.e5 Nd5 4.d4 cxd4 5.Nf3 Nc6 6.cxd4 d6 7.Bc4 Nb6 8.Bb5 Bd7
9.exd6 exd6 10.O-O Be7 11.Nc3 d5 12.Bd3 Bg4 13.Be3 O-O 14.a3 f5 15.h3 Bh5
16.Be2 f4 17.Bc1 Qd6 18.Re1 Bf6 19.Nb5 Qb8 20.Nc3 Qd6 21.Nb5 Qb8 22.Nc3  1/2-1/2

[Event "8th Vladimir Dvorkovich Cup"]
[Site "Moscow RUS"]
[Date "2013.06.30"]
[Round "5.1"]
[White "Bortnik,A"]
[Black "Antipov,M2"]
[Result "1/2-1/2"]
[WhiteElo "2414"]
[BlackElo "2478"]

1.e4 c5 2.c3 Nf6 3.e5 Nd5 4.d4 cxd4 5.Nf3 Nc6 6.cxd4 d6 7.Bc4 dxe5 8.Nxe5 e6
9.O-O Bd6 10.Nf3 O-O 11.Nc3 b6 12.Nxd5 exd5 13.Bd3  1/2-1/2

[Event "4th ch-Vojvodina Int"]
[Site "Novi Sad SRB"]
[Date "2013.06.30"]
[Round "4.10"]
[White "Ostovic,M"]
[Black "Dronjic,S"]
[Result "1/2-1/2"]
[WhiteElo "2316"]
[BlackElo "2190"]

1.e4 c5 2.c3 Nf6 3.e5 Nd5 4.d4 cxd4 5.cxd4 d6 6.Nf3 Nc6 7.Bc4 Nb6 8.Bb5 dxe5
9.Nxe5 Bd7 10.Nxd7 Qxd7 11.Nc3 e6 12.O-O Be7 13.Qg4 O-O 14.Bxc6 bxc6 15.Bh6 Bf6
16.Rfd1 Rfd8 17.Ne4 Qe7 18.Rac1 Rac8 19.Rc3 Nd7 20.Rg3 g6 21.Bg5 Bxg5 22.Nxg5 Nf6
23.Qf3 c5 24.Ne4 Nxe4 25.Qxe4 Rxd4 26.Qc2 Rcd8 27.Re1 Qd6 28.h3 Rd1 29.Qc3 Rxe1+
30.Qxe1 Qd2 31.Qxd2 Rxd2 32.Ra3 Rxb2 33.Rxa7 c4 34.a4 Ra2 35.a5 c3 36.Rc7 c2
37.Kh2 e5 38.a6 Rxa6 39.Rxc2 Kg7 40.f3 Kf6 41.Kg3 Ke6 42.Rc5 f5 43.Rc7 h6
44.Rg7 Kf6 45.Rd7 Ra2 46.Rd6+ Kg7 47.Rb6 f4+ 48.Kh2 Ra1 49.Rc6 Re1 50.h4 Re2  1/2-1/2

[Event "IsBank TCh-TUR 2013"]
[Site "Denizli TUR"]
[Date "2013.07.01"]
[Round "3.2"]
[White "Mammadov,Z"]
[Black "Benidze,D"]
[Result "1/2-1/2"]
[WhiteElo "2437"]
[BlackElo "2495"]

1.e4 c5 2.c3 Nf6 3.e5 Nd5 4.Nf3 Nc6 5.d4 cxd4 6.cxd4 e6 7.Bc4 d6 8.O-O Be7
9.Qe2 O-O 10.Nc3 Nxc3 11.bxc3 b6 12.Bd3 Bb7 13.Qe4 g6 14.Bh6 Re8 15.Rad1 Na5
16.Qf4 Bxf3 17.Qxf3 Bg5 18.Qh3 Bxh6 19.Qxh6 dxe5 20.Bb5 Rf8 21.dxe5 Qc7 22.Rde1 Qxc3
23.Re4 Qc7 24.Rc1 Qb7 25.Rh4 f5 26.exf6 Rxf6 27.Rd1 Rf7 28.Rhd4 Raf8 29.Rd7 Qc8
30.h4 Qc5 31.R1d2 Nb7 32.Rxf7 Rxf7 33.Be8 Qc1+ 34.Kh2 Qc7+ 35.g3 Re7 36.Ba4 Nc5
37.Bc2 Rd7 38.Re2 Rd5 39.Qe3 Qf7 40.Bb3 Nxb3  1/2-1/2

[Event "IsBank TCh-TUR 2013"]
[Site "Denizli TUR"]
[Date "2013.07.01"]
[Round "3.4"]
[White "Yildiz,B"]
[Black "Gvetadze,Sopi"]
[Result "0-1"]
[WhiteElo "2285"]
[BlackElo "2339"]

1.e4 c5 2.c3 Nf6 3.e5 Nd5 4.d4 cxd4 5.Nf3 Nc6 6.cxd4 d6 7.Bc4 Nb6 8.Bb5 Bd7
9.Nc3 dxe5 10.dxe5 g6 11.O-O Bg7 12.Qe2 O-O 13.Bf4 Bg4 14.Bxc6 bxc6 15.h3 Be6
16.Rfd1 Qc8 17.Rac1 Qb7 18.Ng5 Bc4 19.Qe3 Nd5 20.Nxd5 Bxd5 21.b3 Qb6 22.Qe2 a5
23.Ne4 a4 24.Nc5 axb3 25.axb3 Rfd8 26.e6 f6 27.Qe3 Ra2 28.Ra1 Rda8 29.Rxa2 Rxa2
30.Rc1 Qb5 31.Bg3 Re2 32.Qf4 Bxe6 33.Nxe6 Rxe6 34.Qa4 Kf7 35.h4 f5 36.Qa2 Re2
37.Qa8 Bd4 38.Qxc6 Qxb3 39.Qc4+ Qxc4 40.Rxc4 e5 41.Kf1 Ra2 42.f3 Ke6 43.Rc7 Ra1+
44.Be1 e4 45.fxe4 fxe4 46.Rc2 h5 47.Ke2 Kf5 48.g3 Rb1 49.Kf1 e3 50.Ke2 Ke4
51.Rc8 Rb2+ 52.Kf1 Kd3 53.Rc1 Rh2 54.Rd1+ Ke4 55.Kg1 Rd2 56.Rb1 e2+  0-1

[Event "4th Kiryat Ono Open A"]
[Site "Kiryat Ono ISR"]
[Date "2013.07.01"]
[Round "2.11"]
[White "Gorodetzky,David"]
[Black "Aharonovich,Itamar"]
[Result "0-1"]
[WhiteElo "1941"]
[BlackElo "1995"]

1.e4 c5 2.c3 Nf6 3.e5 Nd5 4.d4 cxd4 5.cxd4 e6 6.Nf3 d6 7.Nc3 Nxc3 8.bxc3 Qc7
9.Bd2 Nd7 10.exd6 Bxd6 11.Bd3 b6 12.O-O O-O 13.Qe2 Bb7 14.h3 Rac8 15.Rac1 Bf4
16.Be3 Rfd8 17.Rfd1 Nf6 18.c4 Bxe3 19.fxe3 Ne4 20.Bxe4 Bxe4 21.Nd2 Bb7 22.c5 bxc5
23.Rxc5 Qe7 24.Rdc1 Rxc5 25.Rxc5 f6 26.Nb3 h6 27.Qc2 f5 28.Re5 Be4 29.Qf2 Qd6
30.Ra5 Qb6 31.Rc5 Bd5 32.Qc2 Rd7 33.Rc8+ Kh7 34.Qc5 Qd6 35.Qxd6 Rxd6 36.Nc5 Bxa2
37.Ra8 Bd5 38.Rxa7 Rb6 39.Nd3 Rb1+ 40.Kf2 Rb6 41.Nf4 Be4 42.Re7 Rb2+ 43.Ke1 Kg8
44.g3 Rb3 45.Kd2 g5 46.Nh5 Rb2+ 47.Ke1 Rb1+ 48.Kd2 Rb2+ 49.Kc3 Re2 50.Rxe6 Rxe3+
51.Kb4 Kf7 52.Rxh6 Bf3 53.Rh7+ Kg6 54.Nf6 Kxf6 55.Kc5 Be4 56.h4 Rxg3 57.hxg5+ Kxg5
58.Rg7+ Kf4 59.Rf7 Rc3+ 60.Kd6 Rc4 61.Ra7 Ke3 62.Ra3+ Bd3 63.Ke5 f4 64.Ra1 Rb4  0-1

[Event "Opatija Open A 2013"]
[Site "Opatija CRO"]
[Date "2013.07.01"]
[Round "3.5"]
[White "Juranic,B"]
[Black "Deubelbeiss,R"]
[Result "1/2-1/2"]
[WhiteElo "2184"]
[BlackElo "2023"]

1.e4 c5 2.c3 Nf6 3.e5 Nd5 4.d4 cxd4 5.Nf3 g6 6.Qxd4 e6 7.Bc4 Nc6 8.Qe4 Nb6
9.Bb5 a6 10.Bxc6 bxc6 11.O-O Qc7 12.Rd1 c5 13.Bf4 Bb7 14.Qe2 Qc6 15.Nbd2 g5
16.Bxg5 Rg8 17.Bf4 O-O-O 18.Bg3 Be7 19.Nb3 h5 20.Na5 Qe4 21.Qxe4 Bxe4 22.Nd2 Ba8
23.f3 Nd5 24.Nac4 h4 25.Bf2 Kc7 26.Ne4 Nf4 27.Ne3 Nh3+ 28.Kf1 Nxf2 29.Kxf2 Bxe4
30.fxe4 Rg5 31.Nc4 Rdg8 32.Rg1 f6 33.exf6 Bxf6 34.Nd2 Rb8 35.Rab1 d5 36.Nf3 Rg4
37.exd5 exd5 38.Rge1 Rbg8 39.Rg1 Kd6 40.Rbd1 Rb8 41.Rd2 Rf8 42.Rgd1 d4 43.Kg1 Bg7
44.cxd4 Rxf3 45.dxc5+ Kxc5 46.Rc2+ Kb4 47.Rd6 Rf5 48.Rcd2 Rc4 49.Rd1 Bxb2
50.Rxa6 Bd4+ 51.Kh1 Rf2 52.Rg6 Kc3 53.Rg4 Rd2 54.Rc1+ Kd3 55.Rf1 h3 56.Rg3+ Ke2
57.Rgf3 hxg2+ 58.Kxg2 Rxa2 59.h4 Ra5  1/2-1/2

[Event "2nd Arberopen 2013"]
[Site "Bayerisch Eisenstein GER"]
[Date "2013.07.02"]
[Round "4.7"]
[White "Schuette,Mar"]
[Black "Eiriksson,S"]
[Result "1-0"]
[WhiteElo "2207"]
[BlackElo "1946"]

1.e4 c5 2.c3 Nf6 3.e5 Nd5 4.d4 cxd4 5.Nf3 e6 6.cxd4 Nc6 7.a3 d6 8.Bd3 Be7
9.O-O O-O 10.Re1 dxe5 11.dxe5 Bd7 12.Qe2 Rc8 13.Bd2 Na5 14.Nc3 Nb3 15.Nxd5 exd5
16.Bxh7+ Kh8 17.Bd3 Nxa1 18.Nd4 g6 19.Rxa1 Bg5 20.f4 Qb6 21.Qe3 Bh6 22.Rb1 Rfe8
23.Qf2 Kg8 24.Be3 Qd8 25.Qg3 Qe7 26.h4 Kh8 27.Nc2 a6 28.Bd4 Be6 29.Kf2 Rg8
30.Rh1 Kh7 31.h5 Bf5 32.hxg6+ fxg6 33.e6  1-0

[Event "4th Kiryat Ono Open A"]
[Site "Kiryat Ono ISR"]
[Date "2013.07.02"]
[Round "3.12"]
[White "Hadari,A"]
[Black "Kraus,Ohad"]
[Result "1/2-1/2"]
[WhiteElo "2030"]
[BlackElo "2085"]

1.e4 c5 2.c3 Nf6 3.e5 Nd5 4.d4 cxd4 5.cxd4 Nc6 6.Nf3 d6 7.Bc4 Nb6 8.Bb5 d5
9.O-O Bg4 10.b3 e6 11.h3 Bh5 12.Ba3 Bxa3 13.Nxa3 Qe7 14.Nc2 O-O 15.Bxc6 bxc6
16.Nce1 c5 17.dxc5 Qxc5 18.Qd4 Qe7 19.Qe3 f5 20.Nd4 f4 21.Qd2 Rae8 22.Rc1 g5
23.Rc6 Qf7 24.Nd3 Re7 25.Rfc1 Qe8 26.h4 h6 27.Nc5 Bg4 28.hxg5 hxg5 29.f3 Bf5
30.g4 fxg3 31.Qxg5+ Rg7 32.Qh4 Rh7 33.Qg5+ Rg7 34.Qh4 Rh7 35.Qg5+  1/2-1/2

[Event "Polugaevsky Mem 2013"]
[Site "Samara RUS"]
[Date "2013.07.02"]
[Round "1.7"]
[White "Smetanov,N"]
[Black "Goganov,A"]
[Result "0-1"]
[WhiteElo "2123"]
[BlackElo "2560"]

1.e4 c5 2.c3 Nf6 3.e5 Nd5 4.d4 cxd4 5.Qxd4 e6 6.Nf3 Nc6 7.Qe4 f5 8.exf6 Nxf6
9.Qh4 Be7 10.Bd3 O-O 11.Bg5 g6 12.O-O Nd5 13.Qh6 Ne5 14.Nxe5 Bxg5 15.Qh3 Nf4
16.Qf3 d6 17.Nc4 e5 18.Qd1 Be6 19.Ne3 Rc8 20.Be4 d5 21.Bf3 e4 22.Bg4 Bxg4
23.Qxg4 h5 24.Qd1 Nd3 25.Qe2 Rc7 26.c4 Nf4 27.Qd1 d4 28.Nd5 Nxd5 29.cxd5 Qxd5
30.Nc3 Qe5 31.Qb3+ Kh7 32.Nb5 Rcf7 33.Qc4 e3 34.fxe3 Rxf1+ 35.Rxf1 Qxe3+
36.Kh1 Rxf1+ 37.Qxf1 Qc1 38.Qxc1 Bxc1 39.Nxd4 Bxb2 40.Nb3 b6 41.Kg1 Kg7 42.Kf2 Kf6
43.Ke3 Ke5 44.Kd3 Kd5 45.Nd2 b5 46.Nf3 Bf6 47.h3 g5 48.Nd2 a5 49.Ne4 Be7
50.Ng3 h4 51.Ne4 b4 52.g3 a4 53.gxh4 gxh4 54.Nd2 Ke5 55.Nc4+ Kf4 56.Nb6 a3
57.Nd5+ Kg3 58.Nxe7 b3 59.Nf5+ Kxh3 60.Ne3 bxa2 61.Nc2 Kg3 62.Kd4  0-1